La mariquita Juanita

Saved in:
書目詳細資料
Main Authors: Puig, Irene de (Author), Sátiro, Angélica (Author)
格式: 圖書
語言:西班牙语
出版: Barcelona Octaedro 2000
主題:
標簽: 添加標簽
沒有標簽, 成為第一個標記此記錄!

MARC

LEADER 00000nam a2200000 a 4500
001 UCN3513
003 CL-VaPUC
008 010629e20000000SP |||||||||||||||||spa|d
082 0 4 |a 808.068  |b PUI  |2 21 
100 0 |a Puig, Irene de  |e author  |9 460070 
700 0 |a Sátiro, Angélica  |e author  |9 460071 
245 1 3 |a La mariquita Juanita 
246 1 0 |a Jugar a pensar con cuentos 
300 |a 60 p 
942 |c BK 
945 |d 20010629 00:00:00  |a cmena 
260 |a Barcelona  |b Octaedro  |c 2000 
500 |a Incluye: Garbancito. Había una vez un sací pereré. Aladino y la lámpara maravillosa. La gallina Lina. El patito feo. La bella durmiente 
650 0 |a Cuentos infantiles  |9 308044 
650 0 |a Literatura infantil   |9 307465 
583 |a last modification  |c 20010629 00:00:00  |k Rodrigo Vera 
999 |c 296366  |d 296364 
952 |0 0  |1 0  |4 0  |6 808_068000000000000_PUI_2000  |7 0  |8 A  |9 350093  |a BIBEDU  |b BIBEDU  |d 2019-11-20  |i 3661075  |o 808.068 PUI 2000  |p 3661075  |r 2019-11-20  |w 2019-11-20  |y BK  |k BME